export_success — 

Town, country, and regions in Reformation Germany

Bibliographic Details
Main Author: Scott, Tom, 1947-
Corporate Author: ProQuest (Firm)
Format: Electronic eBook
Language:English
Published: Leiden ; Boston : Brill, 2005.
Series:Studies in medieval and Reformation traditions ; v. 106.
Subjects:
Online Access:Click to View
LEADER 01609nam a22004214a 4500
001 EBC280850
003 MiAaPQ
005 20200520144314.0
006 m o d |
007 cr cn|||||||||
008 041220s2005 ne ab sb 001 0 eng
010 |z  2004062924 
020 |z 9004143211 (alk. paper) 
035 |a (MiAaPQ)EBC280850 
035 |a (Au-PeEL)EBL280850 
035 |a (CaPaEBR)ebr10171725 
035 |a (CaONFJC)MIL86782 
035 |a (OCoLC)191940154 
040 |a MiAaPQ  |c MiAaPQ  |d MiAaPQ 
043 |a er----- 
050 4 |a HC288.R66  |b S36 2005 
082 0 4 |a 943/.031  |2 22 
100 1 |a Scott, Tom,  |d 1947- 
245 1 0 |a Town, country, and regions in Reformation Germany  |h [electronic resource] /  |c by Tom Scott. 
260 |a Leiden ;  |a Boston :  |b Brill,  |c 2005. 
300 |a xxv, 447 p. :  |b ill., maps. 
490 1 |a Studies in medieval and Reformation traditions,  |x 1573-4188 ;  |v v. 106 
504 |a Includes bibliographical references and indexes. 
533 |a Electronic reproduction. Ann Arbor, MI : ProQuest, 2015. Available via World Wide Web. Access may be limited to ProQuest affiliated libraries. 
650 0 |a Cities and towns  |z Rhine River Region. 
650 0 |a Group identity  |z Rhine River Region. 
650 0 |a Reformation  |z Germany. 
650 0 |a Peasants' War, 1524-1525. 
651 0 |a Rhine River Region  |x Economic conditions. 
655 4 |a Electronic books. 
710 2 |a ProQuest (Firm) 
830 0 |a Studies in medieval and Reformation traditions ;  |v v. 106. 
856 4 0 |u https://ebookcentral.proquest.com/lib/matrademy/detail.action?docID=280850  |z Click to View